| 000 | 00583nam a22001577a 4500 | ||
|---|---|---|---|
| 008 | 150115b xxu||||| |||| 00| 0 eng d | ||
| 050 | _aSPC HN37.C3 J4J583 | ||
| 100 |
_aJesuit Centre for Theological Reflection _914067 |
||
| 245 |
_aEconomic, Social and Cultural Rights in Zambia _bparallel report _cJesuit Centre for Theological Reflection |
||
| 260 |
_aLusaka _bJesuit Centre for Theological Reflection _c2005 |
||
| 300 |
_axi, 98p. ; _c30cm. |
||
| 500 | _aStenciled | ||
| 650 |
_aHuman Rights _zZambia _914068 |
||
| 650 |
_aSocial legislation _zZambia _914069 |
||
| 942 |
_2lcc _cSPC |
||
| 999 |
_c121717 _d121717 |
||